E1(東名高速・名神高速)のIC - Statistics

General Stats
  • This quiz has been taken 1,272 times
    1,270 since last reset
  • The average score is 55 of 105
Answer Stats
Hint Answers % Correct
JCT | SA 海老名
89%
IC 東京
88%
IC 静岡
83%
IC | JCT 御殿場
82%
IC 浜松
82%
IC 厚木
80%
IC 沼津
78%
IC 富士
78%
IC 名古屋
76%
IC | JCT 清水
75%
IC 掛川
73%
IC 横浜町田
72%
IC 岡崎
71%
SA/SIC 足柄
70%
PA 豊橋
70%
IC | JCT 豊田
70%
JCT 米原
69%
IC/SA 大津
69%
JCT | PA 草津
68%
IC/JCT 横浜青葉
67%
IC | JCT 小牧
67%
IC 焼津
66%
IC 磐田
66%
JCT/IC | SA 吹田
65%
JCT 伊勢原
64%
IC | JCT 一宮
64%
JCT/IC 高槻
64%
SA 浜名湖
63%
IC 関ヶ原
63%
IC 彦根
63%
IC 大垣
62%
IC 東名川崎
61%
IC 大井松田
59%
IC 豊川
59%
SIC 綾瀬
57%
JCT/IC 大山崎
57%
SA/SIC 富士川
56%
IC 京都南
56%
IC 西宮
56%
PA 港北
55%
PA 由比
55%
IC 菊川
55%
IC 袋井
55%
IC 茨木
55%
IC 裾野
54%
IC 栗東
54%
IC 京都東
53%
IC | JCT 三ヶ日
52%
IC 秦野中井
51%
SA 牧之原
51%
IC 尼崎
51%
PA 日本平
49%
PA 羽島
49%
IC 豊中
49%
PA 中井
46%
JCT | SA/SIC 養老
46%
PA/SIC 守山
45%
IC 浜松西
44%
IC 春日井
44%
PA 鮎沢
41%
IC 音羽蒲郡
41%
SA/SIC 多賀
41%
PA 桂川
39%
PA 日本坂
38%
IC 吉田
38%
IC 岐阜羽島
38%
IC 八日市
38%
PA/SIC 愛鷹
37%
PA 新城
37%
JCT 日進
37%
IC 竜王
36%
JCT/IC 瀬田東
36%
IC 瀬田西
34%
PA 伊吹
33%
PA 東郷
32%
PA/SIC 駒門
29%
IC 相良牧之原
29%
PA 美合
29%
IC 東名三好
28%
SIC 安八
28%
PA 尾張一宮
27%
PA/SIC 湖東三山
27%
SIC 舘山寺
26%
PA/SIC 遠州豊田
24%
SA/SIC 豊田上郷
24%
SIC 日本平久能山
23%
SIC 大井川焼津藤枝
23%
PA/SIC 三方原
23%
PA 赤塚
23%
IC 栗東湖南
20%
PA 小笠
19%
PA 黒丸
19%
PA 菩提寺
19%
SIC 蒲生
18%
No matching quizzes found
Score Distribution
Percent of People with Each Score
Percentile by Number Answered
Your Score History
You have not taken this quiz since the last reset